Top 50 graczy Geoguessra według Narodowści - Statystyki

Ogólne statystyki
  • Ten quiz został rozwiązany 40 razy
  • Średni wynik to 22 z 50
Statystyki odpowiedzi
Hint Odpowiedź % Poprawnych
Jan Seweryn Polska
90%
Zig8zag Australia
81%
Kodiak Niemcy
77%
Debre Węgry
74%
Blinky Francja
71%
DerZiggi Niemcy
71%
Rainbolt USA
71%
Consus Holandia
65%
Matepotato Indie
65%
Radu USA
65%
Alok Serbia
58%
Jupaoqq Chiny / USA
55%
Topotic Hiszpania
52%
Stique Holandia
48%
Jamabi Niemcy
48%
Oceanman USA
48%
BAG Wielka Brytania
48%
Wolftrekker Wielka Brytania
48%
duskden2 Indie
45%
Gelotris Niemcy
45%
Maccem Szwecja
45%
JHK USA
45%
CPE Kanada
42%
Lennli Niemcy
42%
Milan Węgry
42%
Kurt Albania
39%
Scrypero Niemcy
39%
Harmless Norwegia
39%
Eamonn Nowa Zelandia
39%
Karo1808 Polska
39%
DjSejfg511 Polska
39%
miptdementor Rosja
39%
Trichter33 Belgia
35%
Lupus Niemcy
35%
Havrd Norwegia
35%
Boky Szwecja
35%
Mumrik Szwecja
35%
Poli USA
35%
Daiiono USA
35%
Partee USA
32%
jv724 Australia
29%
Juxerr Czechy
29%
ning Grecja
29%
Pivver Szwecja
29%
Max Republika Południowej Afryki
26%
Jwall Wielka Brytania
26%
Jiibee Finlandia
23%
Southbye Rumunia
23%
Rust Arabia Saudyjska
19%
Denis Niemcy
16%
Nie znaleziono quizów pasujących do podanych kryteriów
Rozkład punktacji
Procent ludzi z każdym wynikiem
Percentyl według liczby udzielonych odpowiedzi
Twoja historia wyników
Nie rozwiązałeś tego quizu